| 000 | 01166cab a2200277 4500 | ||
|---|---|---|---|
| 001 | ABS40249 | ||
| 008 | 090401t1989 xxu||||| |||| 00| 0 eng d | ||
| 035 | _a(Sirsi) u22515 | ||
| 041 | _aeng | ||
| 100 | _aHowes, C. | ||
| 245 | _aPrivate sector gets a boost | ||
| 260 | _c1989 | ||
| 350 | _a0 | ||
| 490 |
_aChartered Surveyor Weekly _v26(3) 19 January 1989, 61-63(3) |
||
| 520 | _aLand development in urban areas can often be a piecemeal process and is largely affected by supply and demand. This article shows how Government is stimulating development by introducing private sector initiatives. Pays particular attention to measures introduced to regulate and control development, how they are bringing more land onto the market and improving the development potential of land in an attempt to even out the supply and demand sides of the market. | ||
| 650 | _aDERELICT LAND GRANT | ||
| 650 | _aGOVERNMENT POLICY | ||
| 650 | _aLAND REGISTERS | ||
| 650 | _aSIMPLIFIED PLANNING ZONES | ||
| 650 | _aSURPLUS LAND | ||
| 650 | _aURBAN DEVELOPMENT CORPORATIONS | ||
| 650 | _aURBAN REGENERATION | ||
| 690 | _aLAND | ||
| 942 | _n0 | ||
| 948 | _c04/03/1997 | ||
| 999 |
_c15088 _d15088 |
||